Inseln Estlands - mit Karte - Statistiken

Allgemein
  • Dieses Quiz wurde 23 mal gespielt
  • Das Durchschnittsergebnis liegt bei 7 aus 19
Antworten auf der Karte
Die Antworten werden auf der Karte rot bzw. grün angezeigt, abhängig davon wie oft sie richtig erraten wurden.
 
Antwortstatistiken
Insel Einwohner Größe in km² Inselgruppe/ Gewässer % Korrekt
1 Ö Ösel 30966 2671 Moonsund-Inseln
94%
2 D Dagö 11087 989 Moonsund-Inseln
89%
3 M Mohn 1476 198 Moonsund-Inseln
61%
4 K Kühnö 490 16,4 Rigaischer Meerbusen
50%
9 R Runö 56 11,4 Rigaischer Meerbusen
50%
13 N Nargen 10 18,6 Finnischer Meerbusen
33%
17 O Odinsholm 3 4,6 Finnischer Meerbusen
33%
8 P Porka 67 7,8 Peipus-See
33%
5 W Worms 350 93 Moonsund-Inseln
33%
19 D Drotzenholm 1 2,6 Moonsund-Inseln
28%
18 E Ekholm 2 0,6 Finnischer Meerbusen
28%
12 F Filsand 30 8,8 Moonsund-Inseln
28%
15 K Klein Pakri 8 12,9 Finnischer Meerbusen
28%
7 W Wrangelsholm 80 6,4 Finnischer Meerbusen
28%
14 W Wulf 10 2,9 Finnischer Meerbusen
28%
10 A Abruka 33 8,8 Moonsund-Inseln
22%
11 M Manja 31 1,9 Rigaischer Meerbusen
22%
16 S Schildau 7 1,7 Moonsund-Inseln
22%
6 K Kassargen 300 19,3 Moonsund-Inseln
17%
Keine übereinstimmenden Quizze gefunden
Verteilung der Resultate
Anzahl Personen mit jedem Resultat
Perzentil nach korrekt beantworteten Fragen
Ihre Resultats-Entwicklung
Sie haben dieses Quiz noch nicht gespielt